[Event "AUTO-ADV-1079"]
[Site "http://www.queenalice.com/game.php?id=479922"]
[Date "2008.10.19"]
[Round "1"]
[White "Thall"]
[Black "Endy"]
[Result "0-1"]
[WhiteElo "1758"]
[BlackElo "1826"]

1. e4 Nc6 2. Nf3 e6 3. d4 d5 4. Nc3 Bb4 5. Bd3 Nf6 6. Bg5 h6 7. Be3 dxe4 8. Ne5
exd3 9. Nxd3 Bxc3+ 10. bxc3 Ne4 11. Qg4 Ng5 12. Qe2 Ne4 13. O-O Nxc3 14. Qg4 Qf6
15. Qg3 Ne2+ 16. Kh1 Nxg3+ 17. fxg3 Qe7 18. Rf2 O-O 19. Rb1 b6 20. h3 e5 21.
dxe5 Nxe5 22. Nf4 Bb7 23. Re1 Rae8 24. Bd4 Qb4 25. c3 Qd6 26. Rfe2 f6 27. Nh5
Qd5 28. Nf4 Qc6 29. h4 Kh7 30. h5 Ng4 31. Re6 Rxe6 32. Rxe6 Qb5 33. Re7 Qf1+ 34.
Bg1 Rd8 0-1

[Event "AUTO-ADV-1079"]
[Site "http://www.queenalice.com/game.php?id=479923"]
[Date "2008.10.19"]
[Round "1"]
[White "Endy"]
[Black "Thall"]
[Result "1-0"]
[WhiteElo "1798"]
[BlackElo "1745"]

1. d4 d5 2. e3 Nf6 3. h3 Nc6 4. a3 e5 5. Bb5 Bd7 6. Nf3 a6 7. Bxc6 Bxc6 8. Nxe5
Bd6 9. Nxc6 bxc6 10. b4 Ne4 11. Bb2 O-O 12. Nd2 f5 13. Qe2 Qg5 14. Qf3 f4 15.
O-O-O Nxd2 16. Rxd2 fxe3 17. Qxe3 Bf4 18. Qe6+ Kh8 19. Bc3 Bxd2+ 20. Bxd2 Qxg2
21. Re1 Qxf2 22. Qe5 Qf3 23. Re3 Qf1+ 24. Kb2 a5 25. Rg3 Qf6 26. Qxc7 Rf7 27.
Qe5 Qxe5 28. dxe5 a4 29. Bc3 Re8 30. h4 Rf4 31. h5 Rh4 32. e6 d4 33. Be1 Rxh5
34. Bf2 Rd5 35. Rd3 Rxe6 36. Bxd4 Rg6 37. Re3 h6 38. Kc3 h5 39. Kc4 Rg4 40. c3
Kh7 41. Re7 h4 42. Rc7 h3 43. Rxc6 Rdxd4+ 44. Kb5 h2 45. cxd4 h1=Q 46. Rd6 Qf1+
47. Kxa4 Qc4 48. Rd8 1-0

[Event "Challenge"]
[Site "http://www.queenalice.com/game.php?id=503301"]
[Date "2008.12.5"]
[Round "-"]
[White "Imbolt1"]
[Black "Thall"]
[Result "1-0"]
[WhiteElo "1683"]
[BlackElo "1764"]

1. g4 d5 2. e3 e5 3. a3 Nf6 4. h3 Nc6 5. Bb5 Bd6 6. d3 a6 7. Bxc6+ bxc6 8. b4
Bb7 9. g5 Nd7 10. h4 c5 11. c3 d4 12. cxd4 Bxh1 13. dxc5 Nxc5 14. bxc5 Bxc5 15.
Bb2 O-O 16. Bxe5 Re8 17. d4 Bb6 18. Nc3 Ba5 19. Ne2 Bf3 20. Qd2 Rxe5 21. dxe5
Qxd2+ 22. Kxd2 Bxe2 23. Kxe2 Bxc3 24. Rc1 Bxe5 25. f4 Bb2 26. Rxc7 Bxa3 27. e4
Bd6 28. Rc4 Bxf4 29. Kf3 Be5 30. Kg4 f6 31. Kf5 a5 32. gxf6 gxf6 33. h5 a4 34.
Rc2 a3 35. h6 a2 36. Rg2+ Kh8 37. Rxa2 Rxa2 38. Ke6 Bf4 39. Kxf6 Ra5 40. Ke6 Kg8
41. Kf6 Bxh6 42. e5 Bg7+ 43. Kg5 Rxe5+ 44. Kg4 h5+ 45. Kh3 Rg5 46. Kh4 1-0

[Event "AUTO-ADV-1136"]
[Site "http://www.queenalice.com/game.php?id=504230"]
[Date "2008.12.7"]
[Round "1"]
[White "thw"]
[Black "Thall"]
[Result "0-1"]
[WhiteElo "1893"]
[BlackElo "1753"]

1. e4 e5 2. Nf3 Nc6 3. Bb5 a6 4. Bxc6 bxc6 5. O-O d6 6. h3 Nf6 7. Re1 Be7 8. Nc3
O-O 9. d4 exd4 10. Nxd4 Bb7 11. Bg5 Re8 12. Nf5 Qd7 13. Nxe7+ Rxe7 14. Bxf6 gxf6
15. Qd4 Qe6 16. Re3 Qe5 17. Rg3+ Kh8 18. Qxe5 fxe5 19. Re1 d5 20. exd5 cxd5 21.
Rd3 d4 22. Ne4 f5 23. Nc5 Bd5 24. Rxd4 Bxg2 25. Rd7 Rxd7 26. Nxd7 Rg8 27. Kh2
Be4 28. Rg1 Rxg1 29. Kxg1 Bxc2 30. Nxe5 Kg7 31. Kg2 a5 32. Nc4 a4 33. Ne3 Bb1
34. a3 f4 35. Nd5 Be4+ 0-1

[Event "AUTO-ADV-1136"]
[Site "http://www.queenalice.com/game.php?id=504231"]
[Date "2008.12.7"]
[Round "1"]
[White "Thall"]
[Black "thw"]
[Result "1-0"]
[WhiteElo "1729"]
[BlackElo "1927"]

1. e4 e6 2. Nf3 d5 3. e5 c5 4. d4 Nc6 5. c3 Qb6 6. Bd3 cxd4 7. cxd4 Bb4+ 8. Nc3
Bd7 9. Be3 Nge7 10. O-O h6 11. Na4 Qc7 12. a3 Ba5 13. Nc5 O-O 14. Rc1 Bb6 15.
Qd2 Bxc5 16. Rxc5 b6 17. Rc2 Rac8 18. Bxh6 gxh6 19. Qxh6 1-0

[Event "AUTO-ADV-1136"]
[Site "http://www.queenalice.com/game.php?id=504244"]
[Date "2008.12.7"]
[Round "1"]
[White "Thall"]
[Black "leiva2"]
[Result "1-0"]
[WhiteElo "1678"]
[BlackElo "1722"]

1. e4 e5 2. Nf3 Nc6 3. Bc4 Nf6 4. O-O d5 5. exd5 Nxd5 6. d4 e4 7. Re1 Bg4 8.
Rxe4+ Be6 9. Nc3 Nce7 10. Bg5 c6 11. Rxe6 fxe6 12. Ne5 h6 13. Qf3 Nf6 14. Bxf6
1-0

[Event "AUTO-ADV-1136"]
[Site "http://www.queenalice.com/game.php?id=504245"]
[Date "2008.12.7"]
[Round "1"]
[White "leiva2"]
[Black "Thall"]
[Result "0-1"]
[WhiteElo "1658"]
[BlackElo "1696"]

1. e4 e5 2. Nf3 Nc6 3. Bc4 Bc5 4. c3 Nf6 5. d4 exd4 6. cxd4 Bb4+ 7. Bd2 Bxd2+ 8.
Nbxd2 d5 9. Bb5 O-O 10. h3 dxe4 11. Bxc6 bxc6 12. Ne5 Qxd4 13. Nec4 Ba6 14. O-O
Bxc4 15. Nxc4 Qxc4 16. b3 Qb5 17. Rc1 Rad8 18. Qc2 Rd6 19. Qb1 Rfd8 20. Rc4 Qf5
21. f3 Qf4 22. fxe4 Qe3+ 23. Kh1 Rd2 24. Re1 Qg3 25. Rg1 Ng4 0-1

[Event "AUTO-ADV-1136"]
[Site "http://www.queenalice.com/game.php?id=504246"]
[Date "2008.12.7"]
[Round "1"]
[White "Thall"]
[Black "Lindomar"]
[Result "0-1"]
[WhiteElo "1775"]
[BlackElo "1957"]

1. e4 c5 2. Nf3 d6 3. d4 cxd4 4. Nxd4 Nf6 5. Nc3 a6 6. Be2 e6 7. O-O Qc7 8. Bg5
Nbd7 9. Kh1 Be7 10. f4 b5 11. Ndxb5 axb5 12. Nxb5 Qb8 13. e5 dxe5 14. fxe5 Qxe5
15. Bxf6 Nxf6 16. Bf3 Ra6 17. c4 O-O 18. b3 Rd8 19. Qc2 Bd7 20. Nc3 Bc6 21. Bxc6
Rxc6 22. Nb5 Qxb5 23. cxb5 Rxc2 24. Rfc1 Rdd2 25. Rxc2 Rxc2 26. a4 Rb2 27. Rc1
Rxb3 28. g3 Rb4 29. Rc6 Rxa4 30. b6 Rb4 31. Rc7 Nd5 32. Rc8+ Bf8 0-1

[Event "AUTO-ADV-1136"]
[Site "http://www.queenalice.com/game.php?id=504247"]
[Date "2008.12.7"]
[Round "1"]
[White "Lindomar"]
[Black "Thall"]
[Result "1-0"]
[WhiteElo "1966"]
[BlackElo "1766"]

1. d4 d5 2. c4 e6 3. Nc3 Nf6 4. Nf3 Nc6 5. Bg5 Be7 6. e3 O-O 7. Rc1 Ne4 8. Bxe7
Qxe7 9. Bd3 Qb4 10. O-O Nxc3 11. bxc3 Qa3 12. Qc2 h6 13. cxd5 exd5 14. e4 Be6
15. e5 Na5 16. Qe2 Nc4 17. Bb1 Bg4 18. Qd3 g6 19. Nh4 Qe7 20. g3 Bh3 21. Rfe1
Kg7 22. f4 Qe6 23. Re2 Rh8 24. Rf2 Na3 25. f5 Bxf5 26. Nxf5+ gxf5 27. Rxf5 Nxb1
28. Rxb1 b6 29. Rbf1 Raf8 30. Rf6 Qg4 31. R1f4 Qd7 32. Qf3 h5 33. R4f5 Qe7 34.
Rg5+ 1-0

[Event "Challenge"]
[Site "http://www.queenalice.com/game.php?id=864611"]
[Date "2010.11.27"]
[Round "-"]
[White "Thall"]
[Black "david_kasparov"]
[Result "0-1"]
[WhiteElo "1687"]
[BlackElo "1592"]

1. e4 e5 2. Nf3 Nc6 3. Bb5 Nd4 4. Nxd4 exd4 5. O-O a6 6. Ba4 Bc5 7. c3 d3 8. Qf3
b5 9. Bb3 Qe7 10. Qxd3 Bb7 11. Re1 O-O-O 12. a4 Qf6 13. axb5 Qxf2+ 0-1